Lógica
Salvato in:
| Autore principale: | |
|---|---|
| Natura: | Libro |
| Lingua: | spagnolo |
| Pubblicazione: |
Ciudad de México
Addison Wesley Longman de México
1998
|
| Edizione: | 1a. ed |
| Serie: | AWLI
|
| Soggetti: | |
| Tags: |
Aggiungi Tag
Nessun Tag, puoi essere il primo ad aggiungerne!!
|
MARC
| LEADER | 00000nam a2200000 a 4500 | ||
|---|---|---|---|
| 001 | UCH5293 | ||
| 003 | CL-VaPUC | ||
| 008 | 091014e19980000MX |||||||||||||||||spa|d | ||
| 020 | |a 9684442807 | ||
| 082 | 0 | 4 | |a 160 |b IBA |2 21 |
| 100 | |a Ibarra Barrón, Carlos |e author |9 541577 | ||
| 245 | 1 | 0 | |a Lógica |
| 250 | |a 1a. ed | ||
| 300 | |a 311 p | ||
| 942 | |c BK | ||
| 945 | |d 20091014 00:00:00 |a ccalabra | ||
| 260 | |a Ciudad de México |b Addison Wesley Longman de México |c 1998 | ||
| 650 | 0 | |a Filosofía |9 223554 | |
| 650 | 0 | |a Psicología aplicada |9 270762 | |
| 650 | 0 | |a Desarrollo cognitivo |9 311398 | |
| 650 | 0 | |a Lógica matemática |9 262442 | |
| 650 | 0 | |a Método científico |9 337193 | |
| 650 | 0 | |a Historia de la filosofía |9 256920 | |
| 650 | 0 | |a Razonamiento |9 256520 | |
| 650 | 0 | |a Teoría del conocimiento |9 255038 | |
| 583 | |a last modification |c 20091014 00:00:00 |k Rodrigo Vera | ||
| 490 | 0 | |a AWLI | |
| 999 | |c 336459 |d 336457 | ||